000 00565nam a2200217Ia 4500
003 OSt
005 20220928151058.0
006 a|||||r|||| 00| 0
007 ta
008 220927b |||||||| |||| 00| 0 eng d
024 _a112235
037 _cTextual
040 _aSDCL
_cSDCL
_beng
041 _2eng
_aeng
082 _aO-,3M17x, K2
100 _aKrutch Joseph Wood Ed.
_9516428
245 0 _aThoreau
_b Walden and other writings.
260 _c1962
942 _hO-,3M17x, K2
_cTEXL
_2CC
999 _c848925
_d848925